000 00861nam a2200217Ii 4500
003 JO-AjNU
008 230605s9999||||xx |||||||||||||| ||und||
017 _a2009/4/1351
040 _aJO-AjNU
_bara
_erda
_cJO-AjNU
041 _aara
050 1 4 _aHG4523.T35 2010
100 3 _aالتميمي، ارشد فؤاد,
_eauthor
_932953
245 0 0 _aالاسواق المالية: اطار في التنظيم وتقييم الادوات = Financial Markets: Organizing Framework& Instrument Evaluation
250 _aط العربية
264 3 1 _aعمان: دار اليازوري العلمية، 2010
300 _a440ص
_bيحتوي على ببلوغرافية وملاحق من429-440ص
336 _atext
_btxt
_2rdacontent
337 _aunmediated
_bn
_2rdamedia
338 _avolume
_bnc
_2rdacarrier
650 4 _aالاسواق المالية
_932954
999 _aA13362
_c16930
_d16930